00680pam a2200229 a 4500001000500000005001700005020001800022040002300040050001100063082001000074100002800084245003700112260003800149300004700187490001700234505000800251520008000259521002000339521002000359650004600379650002500425325720250828154750.0 a9780516454603 aDLCcDLCdDLCbeng00aQC90.600a530.81 aPluckrose, Henryd1931-10aWeight /cby Pluckrose , Hennry  aChicago :bChildrens Press,c1994 a31 pages : bcolor illustrations ;c23 cm. a Math Counts aP  aPhotographs and text introduce the concept of weight and how to measure it. a650 bLexile  aP bRaz-Plus  0aWeights and measuresxJuvenile literature 1aWeights and measures